| 000 | 00881cad a22002055a 4500 | ||
|---|---|---|---|
| 001 | E147673 | ||
| 008 | 090604s2008 xxk 000 0 eng d | ||
| 035 | _a(Sirsi) u147673 | ||
| 041 | 0 | _aeng | |
| 110 | 2 |
_aScottish Agricultural College _bRural Policy Centre _95663 |
|
| 245 | 0 | 0 |
_aReducing greenhouse gas emissions in agriculture _h[electronic resource] |
| 260 | _c[2009] | ||
| 490 | _aSAC Rural Policy Centre Policy Briefing | ||
| 520 | _aLooks at issues related to the reduction of greenhouse gas emissions by Scottish agriculture, including policy options, adaptation and mitigation. | ||
| 590 | _aKA | ||
| 651 | 4 |
_aScotland _y1999- |
|
| 690 | _aENVIRONMENTAL AND LAND CONSULTANCY-AGRIBUSINESS-AGRICULTURE | ||
| 856 | 4 | 0 |
_uhttps://www.sac.ac.uk/ruralpolicycentre/publs/supporttoagriculture/climatestrategies/ _zView the briefing free of charge at www.sac.ac.uk |
| 942 | _n0 | ||
| 999 |
_c81607 _d81607 |
||